000 00298nam a2200109Ia 4500
008 240731s9999 xx 000 0 und d
245 0 _aBulletin of the American Institute for Conservation
260 _bRoutledge
856 _uhttps://www.tandfonline.com/loi/yjac19
942 _2ddc
942 _cTFEJ
999 _c75717
_d75717
945 _a1
_bMadushi Gamage
_c1
_dMadushi Gamage